000
00290nam a22001097a 4500
041
_a
eng
080
_a
80
100
_a
Прокопова, Л. І.
245
_a
Методика постановки німецької вимови в серед. шк..
650
_a
German
999
_c
280106
_d
280106
942
_c
BK